<?xml version="1.0" encoding="UTF-8"?>
<record
    xmlns:xsi="http://www.w3.org/2001/XMLSchema-instance"
    xsi:schemaLocation="http://www.loc.gov/MARC21/slim http://www.loc.gov/standards/marcxml/schema/MARC21slim.xsd"
    xmlns="http://www.loc.gov/MARC21/slim">

  <leader>00428nam a22001457a 4500</leader>
  <controlfield tag="001">9789875586000</controlfield>
  <controlfield tag="003">AR-BeUNQ</controlfield>
  <controlfield tag="005">20241202170706.0</controlfield>
  <datafield tag="245" ind1="0" ind2="6">
    <subfield code="a">Ariadna. Para una teoria de la comunicaci&#xF3;n</subfield>
    <subfield code="c">Sergio Caletti</subfield>
    <subfield code="h">libro</subfield>
  </datafield>
  <datafield tag="250" ind1="0" ind2="6">
    <subfield code="a">1a.ed</subfield>
  </datafield>
  <datafield tag="260" ind1=" " ind2=" ">
    <subfield code="a">Bernal :</subfield>
    <subfield code="b">Universidad NAcional de Quilmes,</subfield>
    <subfield code="c">2019</subfield>
  </datafield>
  <datafield tag="500" ind1=" " ind2=" ">
    <subfield code="a">Comunicaci&#xF3;n. Teor&#xED;a de la informaci&#xF3;n. Semiolog&#xED;a.</subfield>
  </datafield>
  <datafield tag="942" ind1=" " ind2="6">
    <subfield code="c">LIB</subfield>
  </datafield>
  <datafield tag="999" ind1=" " ind2=" ">
    <subfield code="c">282</subfield>
    <subfield code="d">282</subfield>
  </datafield>
  <datafield tag="952" ind1=" " ind2=" ">
    <subfield code="0">0</subfield>
    <subfield code="1">0</subfield>
    <subfield code="7">0</subfield>
    <subfield code="a">BIBESET</subfield>
    <subfield code="b">BIBESET</subfield>
    <subfield code="c">circulacion</subfield>
    <subfield code="d">2022-06-16</subfield>
    <subfield code="l">0</subfield>
    <subfield code="o">616 /CAL</subfield>
    <subfield code="p">59564</subfield>
    <subfield code="r">2022-07-07</subfield>
    <subfield code="w">2022-07-07</subfield>
    <subfield code="y">LIB</subfield>
  </datafield>
</record>
